| 000 | 00487cam a22001694a 4500 | ||
|---|---|---|---|
| 005 | 20250605164354.0 | ||
| 008 | 250528s ||||||||||||||||||||||||d | ||
| 035 | _a24241 | ||
| 040 |
_aGR-AtMCL _bgre _dGR-AtMCL _eAACR2 |
||
| 245 | 1 | _aConvention on the Prevention and Punishment of the Crime of Genocide | |
| 260 |
_aNew York, NY _bWorld Campaign For Human Rights, _c1991 |
||
| 300 | _a22 | ||
| 710 | 2 |
_aUnited Nations _99734 |
|
| 942 | _cCR | ||
| 999 |
_c9132 _d9132 |
||